[Event "Mechanics' Litowsky TNM; 30/90, SD/30"]
[Site "San Francisco"]
[Date "2011.09.13"]
[Round "7.2"]
[White "Manvelyan, Hayk"]
[Black "Gaffagan, Steven"]
[Result "1-0"]
[WhiteElo "2193"]
[BlackElo "2072"]
[Annotator "Donaldson"]
[PlyCount "91"]
[EventDate "2011.??.??"]

1. d4 Nf6 2. c4 e6 3. Nf3 b6 4. g3 Bb7 5. Bg2 Bb4+ 6. Bd2 Be7 7. Nc3 d5 8. Ne5
O-O 9. O-O c6 10. cxd5 exd5 11. Bg5 Nbd7 12. Nd3 a5 13. e3 Ba6 14. Re1 h6 15.
Bxf6 Bxf6 16. Rc1 Re8 17. Nf4 Bg5 18. Nce2 Rc8 19. Rc2 Bb7 20. Qd2 Nf6 21. h4
Bxf4 22. Nxf4 Ne4 23. Bxe4 Rxe4 24. h5 Qg5 25. b4 a4 26. Rec1 b5 27. Qd3 Rce8
28. Kg2 Qf5 29. Qf1 g5 $2 {
This only creates weaknesses in Black's position. Better was to sit tight.} 30.
hxg6 fxg6 31. Qh1 h5 32. Nd3 $2 (32. Rxc6 $1 {was very strong.}) 32... Rf8 $2 {
A missed opportunity.} (32... Rxe3 33. fxe3 Qe4+ 34. Kh2 Qxd3 $11) 33. Ne5 Rxe5
{It is already too late to solve the problem of the bad bishop on b7.} 34. dxe5
Qxe5 (34... d4 35. Kg1 Qxe5 36. exd4 Qxd4 37. a3 $16) 35. Qh4 Qf5 36. Qf4 Qd7
37. Qg5 Qf7 38. Kf1 Kg7 39. Rd1 Qe6 40. Rd4 Rf5 41. Qh4 Qf7 42. Rcd2 (42. Rf4
$1 {was more incisive.}) 42... g5 43. Qh1 Kg6 44. Qh3 Qe6 45. g4 hxg4 46. Rxg4
{White has a small advantage and went on to win. He was below 5 minutes at
this point and quit keeping score (Black was even lower on time and quit
recording on move 35).} 1-0

[Event "Mechanics' Litowsky TNM; 30/90, SD/30"]
[Site "San Francisco"]
[Date "2011.08.30"]
[Round "5.2"]
[White "Manvelyan, Hayk"]
[Black "Jones, James"]
[Result "1-0"]
[WhiteElo "2193"]
[BlackElo "2078"]
[PlyCount "89"]
[EventDate "2011.??.??"]

1. f4 c5 2. Nf3 d5 3. e3 Nf6 4. b3 g6 5. Bb2 Bg7 6. Ne5 O-O 7. Be2 Nc6 8. Nxc6
bxc6 9. O-O a5 10. Nc3 Ba6 11. Bxa6 Rxa6 12. Qe2 Ra8 13. Na4 Nd7 14. Bxg7 Kxg7
15. Qd3 e6 16. Nxc5 Nxc5 17. Qc3+ Qf6 18. Qxc5 a4 19. Qd4 Qxd4 20. exd4 Rfb8
21. Rf3 Rb4 22. c3 Rb7 23. b4 a3 24. Rb1 h5 25. Kf2 Kf6 26. Re3 Kf5 27. Kf3 Re8
28. Rb3 Ra8 29. Re5+ Kf6 30. Re1 Kf5 31. Reb1 f6 32. b5 cxb5 33. Rxb5 Rc7 34.
Rc5 Rxc5 35. dxc5 Ra4 36. Rb4 Ra5 37. d4 e5 38. fxe5 fxe5 39. Ke3 e4 40. Rb6
Ra8 41. Rd6 Rb8 42. Rxd5+ Ke6 43. Rd6+ Ke7 44. Rb6 Rf8 45. Ra6 1-0

[Event "Mechanics' Litowsky TNM; 30/90, SD/30"]
[Site "San Francisco"]
[Date "2011.08.16"]
[Round "3.2"]
[White "Manvelyan, Hayk"]
[Black "Krasnov, Steven"]
[Result "1-0"]
[WhiteElo "2193"]
[BlackElo "1983"]
[PlyCount "85"]
[EventDate "2011.??.??"]

1. Nf3 Nf6 2. e3 e6 3. b3 b6 4. Bb2 Bb7 5. Be2 c5 6. c4 Be7 7. Nc3 O-O 8. Qc2
Nc6 9. a3 d5 10. O-O-O d4 11. Ne4 Nxe4 12. Qxe4 Na5 13. Qc2 Bf6 14. Bd3 g6 15.
h4 e5 16. Ng5 Bxg5 17. hxg5 Qxg5 18. f4 exf4 19. exd4 cxd4 20. Bxd4 Rad8 21.
Bb2 f6 22. b4 Nc6 23. Be4 Rd7 24. Bd5+ Kg7 25. Qb3 Ne5 26. Bxe5 Qxe5 27. Rxh7+
Kxh7 28. Qh3+ Kg7 29. Qxd7+ Kh6 30. Bxb7 Qa1+ 31. Kc2 Qa2+ 32. Kd3 Qxa3+ 33.
Ke2 Qxb4 34. Rh1+ Kg5 35. Qb5+ Qxb5 36. cxb5 Re8+ 37. Kd3 Rd8+ 38. Kc3 Rd7 39.
Bc6 Rc7 40. d4 a6 41. d5 a5 42. d6 Rc8 43. d7 1-0

[Event "Mechanics' Litowsky TNM; 30/90, SD/30"]
[Site "San Francisco"]
[Date "2011.09.20"]
[Round "8.2"]
[White "Manvelyan, Hayk"]
[Black "Rumph, Todd"]
[Result "1-0"]
[WhiteElo "2193"]
[BlackElo "2159"]
[PlyCount "69"]
[EventDate "2011.??.??"]

1. d4 Nf6 2. c4 e6 3. Nf3 d5 4. Nc3 c6 5. cxd5 exd5 6. Bg5 Be7 7. e3 Bf5 8. Bd3
Bxd3 9. Qxd3 Nbd7 10. O-O O-O 11. a3 Re8 12. Rac1 Nf8 13. Rc2 Ne4 14. Bxe7 Qxe7
15. Nd2 f5 16. Na4 Rad8 17. b4 a6 18. Nc5 Rd6 19. Nf3 Ng6 20. g3 Rf8 21. a4
Rdf6 22. Ne1 Nh8 23. b5 axb5 24. axb5 Nf7 25. bxc6 bxc6 26. Qa6 Nfg5 27. h4
Nh3+ 28. Kg2 Nhxf2 29. Rfxf2 Nxf2 30. Kxf2 Rg6 31. Nf3 Qd6 32. Ne5 Rh6 33. Kg2
f4 34. exf4 Rb8 35. Ncd7 1-0

[Event "Mechanics' Litowsky TNM; 30/90, SD/30"]
[Site "San Francisco"]
[Date "2011.08.30"]
[Round "5.8"]
[White "Manvelyan, Hovik"]
[Black "Bannik, Siddarth"]
[Result "1/2-1/2"]
[WhiteElo "2045"]
[BlackElo "1892"]
[PlyCount "68"]
[EventDate "2011.??.??"]

1. d4 d5 2. c4 dxc4 3. Nf3 Nf6 4. Nc3 e6 5. Bg5 Be7 6. e3 a6 7. Bxc4 b5 8. Bd3
Bb7 9. O-O O-O 10. Rc1 Nbd7 11. a3 c5 12. Bxf6 Bxf6 13. Qc2 Bxf3 14. Bxh7+ Kh8
15. gxf3 g6 16. Bxg6 fxg6 17. Kh1 Qe8 18. Rg1 g5 19. Rg3 Qh5 20. Ne4 cxd4 21.
Nxf6 Rxf6 22. Qe4 Rd8 23. Qxd4 e5 24. Qd5 Rh6 25. h3 Qg6 26. Kh2 Qf5 27. Rcg1
Rf8 28. e4 Qh7 29. Qd2 Rf4 30. Rc1 Qf7 31. Rc7 Rxf3 32. Rxd7 Rxf2+ 33. Kg1 Rxd2
34. Rxf7 Rxb2 1/2-1/2

[Event "Mechanics' Litowsky TNM; 30/90, SD/30"]
[Site "San Francisco"]
[Date "2011.09.06"]
[Round "6.5"]
[White "Manvelyan, Hovik"]
[Black "Gaffagan, Steven"]
[Result "0-1"]
[WhiteElo "2045"]
[BlackElo "2072"]
[PlyCount "112"]
[EventDate "2011.??.??"]

1. f4 d5 2. Nf3 Nf6 3. e3 Bg4 4. b3 Nbd7 5. Bb2 c6 6. Be2 Bxf3 7. Bxf3 Qc7 8.
O-O e5 9. d3 Bd6 10. g3 O-O-O 11. c4 Kb8 12. Nc3 exf4 13. exf4 dxc4 14. dxc4
Nc5 15. Qc2 h5 16. b4 Nd3 17. c5 Be7 18. Ba3 h4 19. Rad1 hxg3 20. Rxd3 Qxf4 21.
Rxd8+ Bxd8 22. hxg3 Qxg3+ 23. Qg2 Qe5 24. Ne4 Nxe4 25. Bxe4 Qd4+ 26. Rf2 Bh4
27. Bf3 Rd8 28. Bc1 a5 29. Bg5 Qxf2+ 30. Qxf2 Bxf2+ 31. Kxf2 Rd4 32. bxa5 Ra4
33. Bd8 Rxa2+ 34. Kg3 Ra4 35. Bb6 Kc8 36. Bg4+ Kb8 37. Bf3 Kc8 38. Bg4+ Kb8 39.
Bf3 f5 40. Bd1 Rc4 41. Be2 Rb4 42. Bf3 Ra4 43. Bd1 Ra1 44. Bf3 g5 45. Bd8 g4
46. Bg2 Ra4 47. a6 Rxa6 48. Kf4 Kc8 49. Bh4 Ra2 50. Bf1 Rc2 51. Kxf5 Rxc5+ 52.
Kxg4 b5 53. Be7 Rc1 54. Bg2 Kd7 55. Bg5 Rg1 56. Kf3 Re1 0-1

[Event "Mechanics' Litowsky TNM; 30/90, SD/30"]
[Site "San Francisco"]
[Date "2011.09.20"]
[Round "8.8"]
[White "Manvelyan, Hovik"]
[Black "Sherwood, Peter"]
[Result "1-0"]
[WhiteElo "2045"]
[BlackElo "1807"]
[PlyCount "39"]
[EventDate "2011.??.??"]

1. b3 Nf6 2. Bb2 d5 3. f4 Nc6 4. Nf3 Bf5 5. e3 e6 6. Bb5 a6 7. Bxc6+ bxc6 8.
O-O Be7 9. Ne5 Qd6 10. Ba3 c5 11. Nc3 Nd7 12. Na4 Nxe5 13. Bxc5 Qc6 14. Bxe7
Kxe7 15. fxe5 Qxc2 16. Qxc2 Bxc2 17. Rac1 Bg6 18. Rxc7+ Kd8 19. Rfc1 Re8 20.
Nb6 1-0

[Event "Mechanics' Litowsky TNM; 30/90, SD/30"]
[Site "San Francisco"]
[Date "2011.09.06"]
[Round "6.18"]
[White "Mar, Henry"]
[Black "Campers, Willie"]
[Result "1-0"]
[WhiteElo "1537"]
[BlackElo "1748"]
[Annotator "Donaldson"]
[PlyCount "65"]
[EventDate "2011.??.??"]

1. e4 e6 2. Nf3 c5 3. d3 Nc6 4. Nbd2 d5 5. g3 d4 6. Bg2 e5 7. Nc4 Qc7 8. O-O
Bg4 9. h3 Bd7 10. Re1 Be7 11. Bg5 Nf6 12. a3 h6 13. Bd2 $5 b5 14. Ncxe5 Nxe5
15. Nxe5 Qxe5 16. Bf4 $2 (16. f4 Qb8 17. e5 Nh7 $14) 16... Qe6 17. e5 Nd5 18.
Bd2 Rc8 19. Qf3 Bc6 20. Qe2 O-O 21. f4 Nb6 22. Kh2 Bxg2 23. Qxg2 Nd5 24. Rf1 c4
25. f5 Qc6 26. f6 Bc5 27. fxg7 Rfe8 28. Qf3 Rc7 29. Rae1 Ne3 30. Bxe3 dxe3 31.
Qh5 cxd3 $4 (31... Qg6 {and Black is easily winning.}) 32. Rf6 $1 Re6 33. Qxh6
1-0

[Event "Mechanics' Litowsky TNM; 30/90, SD/30"]
[Site "San Francisco"]
[Date "2011.08.09"]
[Round "2.17"]
[White "Mar, Henry"]
[Black "Miller, David"]
[Result "0-1"]
[WhiteElo "1537"]
[BlackElo "1788"]
[PlyCount "150"]
[EventDate "2011.??.??"]

1. e4 e5 2. Nf3 Nf6 3. Nc3 Nc6 4. d3 Bb4 5. Bd2 d5 6. a3 Bxc3 7. Bxc3 d4 8. Bd2
Bg4 9. h3 Be6 10. Bg5 h6 11. Bh4 g5 12. Bg3 Nd7 13. Nh2 f5 14. exf5 Bf7 15. Be2
Qf6 16. Bh5 O-O-O 17. Bxf7 Qxf7 18. Qd2 Qxf5 19. f3 Ne7 20. O-O-O Nd5 21. Ng4
h5 22. Nf2 Ne3 23. Rdg1 Rhf8 24. Ne4 Nf6 25. Qa5 b6 26. Qxe5 Qxe5 27. Bxe5 Nxe4
28. fxe4 Rf2 29. g4 Rxc2+ 30. Kb1 hxg4 31. hxg4 c5 32. Rh2 Rxh2 33. Bxh2 Rf8
34. Bd6 Rf7 35. e5 Kd7 36. b3 Ke6 37. a4 Rf4 38. Bc7 Rxg4 39. Rxg4 Nxg4 40. Bd8
Nxe5 41. Bxg5 Nxd3 42. Kc2 Nb4+ 43. Kd2 Kf5 44. Bd8 Ke4 45. Bc7 Nd5 46. Bb8 a6
47. Ba7 a5 48. Bb8 d3 49. Bh2 Kd4 50. Bg1+ Ke4 51. Bh2 Ne3 52. Bc7 Nf1+ 53. Kd1
Ne3+ 54. Kd2 Nd5 55. Bh2 Nf6 56. Bc7 Nd7 57. Bh2 c4 58. bxc4 Kd4 59. c5 Nxc5
60. Bg1+ Kc4 61. Bh2 Ne4+ 62. Kd1 Nc3+ 63. Kd2 Nxa4 64. Bc7 Kd4 65. Bd8 Nb2 $2
66. Bf6+ Kc4 67. Bxb2 {a theoretical draw} b5 68. Bf6 a4 69. Bb2 b4 70. Bf6 a3
71. Kc1 $4 (71. Be7 $8 {draws}) 71... Kb3 72. Kd2 Ka2 73. Kxd3 b3 74. Kd2 b2
75. Bxb2 axb2 0-1

[Event "Mechanics' Litowsky TNM; 30/90, SD/30"]
[Site "San Francisco"]
[Date "2011.09.20"]
[Round "8.17"]
[White "Mar, Henry"]
[Black "Newey, Richard"]
[Result "0-1"]
[WhiteElo "1537"]
[BlackElo "1739"]
[PlyCount "74"]
[EventDate "2011.??.??"]

1. e4 c5 2. Nf3 d6 3. g3 Nc6 4. d3 g6 5. Bg2 Bg7 6. O-O Nf6 7. Re1 Bg4 8. c3
Qc8 9. Qe2 O-O 10. Nbd2 Rb8 11. Nf1 Ne5 12. N1d2 b5 13. Qe3 Rd8 14. Nxe5 dxe5
15. f3 Be6 16. b3 b4 17. Bb2 Qd7 18. Bf1 Rbc8 19. Rad1 Ne8 20. c4 Bh3 21. Qf2
Bxf1 22. Qxf1 Qxd3 23. Qxd3 Rxd3 24. Kf2 Rcd8 25. Re2 Bh6 26. Bc1 Nc7 27. Ree1
Bxd2 28. Bxd2 Rxd2+ 29. Rxd2 Rxd2+ 30. Re2 Rxe2+ 31. Kxe2 Ne6 32. Ke3 Kg7 33.
f4 exf4+ 34. gxf4 Kf6 35. h4 h5 36. Kf3 Nd4+ 37. Kf2 e5 0-1

[Event "Mechanics' Litowsky TNM; 30/90, SD/30"]
[Site "San Francisco"]
[Date "2011.08.23"]
[Round "4.26"]
[White "Mar, Henry"]
[Black "Olson, David"]
[Result "1-0"]
[WhiteElo "1537"]
[BlackElo "1417"]
[PlyCount "112"]
[EventDate "2011.??.??"]

1. e4 e5 2. Bc4 Nf6 3. Nc3 a6 4. Nf3 Bc5 5. h3 Nc6 6. a3 b5 7. Ba2 Bb7 8. d3 d6
9. O-O O-O 10. Bg5 h6 11. Bh4 g5 12. Bg3 Nh5 13. Bh2 Ne7 14. b4 Bb6 15. Nxe5
Ng7 16. Ng4 Kh7 17. Nf6+ Kh8 18. Ng4 c6 19. Nxh6 Qe8 20. Bxd6 Kh7 21. Nf5 Nexf5
22. Bxf8 Ng3 23. Bxg7 Kxg7 24. Qg4 Qe5 25. Qd7 Nxf1 26. Qxf7+ Kh6 27. Qe6+ Qxe6
28. Bxe6 Ng3 29. Nd1 Bd4 30. c3 Ne2+ 31. Kf1 Nxc3 32. Ne3 Nxe4 33. Nf5+ Kg6 34.
Nxd4 Nc3 35. Bf5+ Kf6 36. Be4 Rd8 37. Nb3 Nxe4 38. dxe4 Ke5 39. Nc5 Bc8 40. f3
Rd2 41. a4 Kf4 42. Re1 Kg3 43. e5 Rxg2 44. Ne4+ Kxf3 45. Rd1 Bxh3 46. Nc5 Rh2+
47. Kg1 Rg2+ 48. Kh1 bxa4 49. Nxa4 g4 50. e6 Re2 51. Nc5 g3 52. Nb3 Kf2 53. Rg1
Rxe6 54. Nc5 Rh6 55. Ne4+ Kf3 56. Ng5+ Kg4 {B time exp} 1-0

[Event "Mechanics' Litowsky TNM; 30/90, SD/30"]
[Site "San Francisco"]
[Date "2011.08.30"]
[Round "5.17"]
[White "Marshall, Johnathan"]
[Black "Poling, Scott"]
[Result "1-0"]
[WhiteElo "1589"]
[BlackElo "1632"]
[PlyCount "47"]
[EventDate "2011.??.??"]

1. e4 e6 2. d4 d5 3. Nd2 dxe4 4. Nxe4 Bd7 5. Nf3 Bc6 6. Bd3 Nd7 7. O-O Ngf6 8.
Ned2 Bxf3 9. Nxf3 c6 10. Re1 Be7 11. b3 Bb4 12. Bd2 Qa5 13. Bxb4 Qxb4 14. c4
O-O-O 15. c5 Qa5 16. a3 Qc7 17. b4 Rhe8 18. Qb3 e5 19. Ng5 e4 20. Be2 Rf8 21.
b5 h6 22. Nxf7 Nxc5 23. Qh3+ Kb8 24. Nxd8 1-0

[Event "Mechanics' Litowsky TNM; 30/90, SD/30"]
[Site "San Francisco"]
[Date "2011.09.13"]
[Round "7.18"]
[White "Marshall, Johnathan"]
[Black "Standen, Julian"]
[Result "1-0"]
[WhiteElo "1589"]
[BlackElo "1668"]
[PlyCount "91"]
[EventDate "2011.??.??"]

1. c4 c6 2. g3 d5 3. Bg2 Nf6 4. Nf3 e6 5. b3 Bd6 6. Bb2 O-O 7. O-O Nbd7 8. d4
Qc7 9. Nbd2 e5 10. dxe5 Nxe5 11. Qc2 Bg4 12. h3 Bh5 13. Nxe5 Bxe5 14. Bxe5 Qxe5
15. Nf3 Qe7 16. e3 Bg6 17. Qe2 Rad8 18. cxd5 Rxd5 19. Rfd1 Rfd8 20. Rxd5 Rxd5
21. Rd1 Qd8 22. Rxd5 Qxd5 23. Qd2 Be4 24. Qxd5 Nxd5 25. Nd2 Bxg2 26. Kxg2 Nb4
27. a3 Nc2 28. a4 b6 29. Kf3 Kf8 30. Ke4 Ke7 31. Kd3 Nb4+ 32. Kc4 Nd5 33. b4 f6
34. e4 Nc7 35. Nb3 Kd6 36. Nd4 g6 37. f4 Ne6 38. Nf3 c5 39. e5+ fxe5 40. Nxe5
Nd4 41. Nf7+ Ke7 42. bxc5 bxc5 43. Ng5 Ne2 44. Ne4 Ng1 45. h4 Ne2 46. Kxc5 1-0

[Event "Mechanics' Litowsky TNM; 30/90, SD/30"]
[Site "San Francisco"]
[Date "2011.08.16"]
[Round "3.14"]
[White "Marshall, Johnathan"]
[Black "de Lenea, Digne"]
[Result "0-1"]
[WhiteElo "1589"]
[BlackElo "1886"]
[PlyCount "64"]
[EventDate "2011.??.??"]

1. e4 c5 2. Nf3 Nc6 3. Bb5 a6 4. Bxc6 bxc6 5. O-O d5 6. e5 Bg4 7. c3 e6 8. Qa4
Qb6 9. Qxg4 Nh6 10. Qa4 Nf5 11. d3 O-O-O 12. Nbd2 Be7 13. b4 cxb4 14. cxb4 Kc7
15. a3 g5 16. Nb3 g4 17. Ng5 Rdf8 18. h3 Bxg5 19. Bxg5 gxh3 20. Qa5 Qxa5 21.
Nxa5 Rhg8 22. Be3 Rxg2+ 23. Kh1 Rfg8 24. Bf4 Nd4 25. f3 Ne2 26. Bh2 h5 27. Nb3
h4 28. Rad1 Ng3+ 29. Bxg3 hxg3 30. Nd2 Rxd2 31. Rxd2 g2+ 32. Kg1 h2+ 0-1

[Event "Mechanics' Litowsky TNM; 30/90, SD/30"]
[Site "San Francisco"]
[Date "2011.08.16"]
[Round "3.16"]
[White "Miller, David"]
[Black "Clark, Thomas"]
[Result "1-0"]
[WhiteElo "1788"]
[BlackElo "1305"]
[PlyCount "137"]
[EventDate "2011.??.??"]

1. Nf3 d5 2. d4 c6 3. Bf4 Nf6 4. e3 Bg4 5. h3 Bf5 6. g4 Bg6 7. Ne5 e6 8. Nd2
Ne4 9. Nxe4 Bxe4 10. Rg1 g5 11. Bg3 f6 12. f3 Bg6 13. Nxg6 hxg6 14. c3 Bd6 15.
Qc2 Kf7 16. f4 Qc7 17. Qf2 Nd7 18. fxg5 f5 19. O-O-O Bxg3 20. Rxg3 Rae8 21.
gxf5 exf5 22. Bd3 Ke7 23. Qf4 Kd8 24. Qxc7+ Kxc7 25. Rh1 Rh4 26. Kd2 c5 27. Bb5
c4 28. b3 Re6 29. bxc4 Rb6 30. Kd3 a6 31. Bxd7 Kxd7 32. cxd5 Rb2 33. a3 b5 34.
Ra1 Kd6 35. a4 Kxd5 36. axb5 axb5 37. Ra6 Rh2 38. Rxg6 R2xh3 39. Rxh3 Rxh3 40.
Rf6 Rg3 41. Rxf5+ Kd6 42. Rxb5 Rg2 43. c4 Kd7 44. Ke4 Ke6 45. Rb6+ Kf7 46. g6+
Kg7 47. Kf5 Rf2+ 48. Ke5 Rf8 49. d5 Rc8 50. Kd4 Rh8 51. e4 Rh4 52. Re6 Rg4 53.
Ke5 Rg1 54. c5 Kh6 55. d6 Rg5+ 56. Kd4 Kg7 57. c6 Ra5 58. c7 Kh6 59. d7 Kg7 60.
e5 Kh6 61. d8=Q -- 62. Qh8+ Kg5 63. g7 Ra4+ 64. Kd5 Rh4 65. g8=Q+ Kf4 66. Qf6+
Ke3 67. Qg3+ Kd2 68. Qff2+ Kd1 69. Qgg1# 1-0

[Event "Mechanics' Litowsky TNM; 30/90, SD/30"]
[Site "San Francisco"]
[Date "2011.09.20"]
[Round "8.16"]
[White "Miller, David"]
[Black "James, Charles"]
[Result "1-0"]
[WhiteElo "1788"]
[BlackElo "1562"]
[PlyCount "83"]
[EventDate "2011.??.??"]

1. d4 Nf6 2. Nf3 g6 3. c4 Bg7 4. Nc3 d6 5. e4 O-O 6. Be3 e5 7. Be2 exd4 8. Bxd4
Re8 9. Qc2 c6 10. O-O Nbd7 11. Rad1 Qc7 12. Nd2 d5 13. exd5 cxd5 14. Nb5 Qc6
15. Nf3 b6 16. Rd2 Bb7 17. Be3 Ne4 18. Nbd4 Qf6 19. Rdd1 Rac8 20. Nb5 Qxb2 21.
Qxb2 Bxb2 22. cxd5 Rc2 23. Bd3 Rc5 24. Bxc5 Ndxc5 25. Bxe4 Nxe4 26. Rfe1 f5 27.
d6 Bf6 28. Nc7 Rd8 29. h4 Nxd6 30. Ng5 Nf7 31. Rxd8+ Nxd8 32. Re8+ Kg7 33. Rxd8
Bxd8 34. Nce6+ Kh6 35. Nxd8 Bd5 36. a3 b5 37. g3 a5 38. Nge6 b4 39. axb4 axb4
40. Nc5 Kh5 41. Nd3 b3 42. Nf4+ 1-0

[Event "Mechanics' Litowsky TNM; 30/90, SD/30"]
[Site "San Francisco"]
[Date "2011.09.13"]
[Round "7.10"]
[White "Miller, David"]
[Black "Manvelyan, Hovik"]
[Result "0-1"]
[WhiteElo "1788"]
[BlackElo "2045"]
[PlyCount "76"]
[EventDate "2011.??.??"]

1. d4 e6 2. Nf3 f5 3. g3 Nf6 4. Bg2 Be7 5. Bg5 O-O 6. Nbd2 d6 7. c4 Ng4 8. Bxe7
Qxe7 9. O-O e5 10. e4 f4 11. dxe5 fxg3 12. hxg3 dxe5 13. Qb3 c5 14. Nh2 Nc6 15.
Nxg4 Bxg4 16. f3 Be6 17. Qe3 Nb4 18. Rfc1 Rad8 19. Rc3 b6 20. Nf1 Rd4 21. a3
Nc6 22. b3 Qd7 23. Qg5 Rf6 24. Re1 Rg6 25. Qe3 Bh3 26. Qf2 Bxg2 27. Kxg2 Rh6
28. g4 Qe7 29. Ne3 g6 30. Rh1 Rxh1 31. Kxh1 Qg5 32. Kg2 Nd8 33. Kf1 Ne6 34. Rc2
Rd3 35. Nd5 Nd4 36. f4 Qxg4 37. Ne7+ Kg7 38. Qg2 Qd1+ (38... Rd1+ 39. Kf2 Qxf4+
40. Qf3 Qxf3#) 0-1

[Event "Mechanics' LitowskyTNM; 30/90, SD/30"]
[Site "San Francisco"]
[Date "2011.08.02"]
[Round "1"]
[White "Miller, David"]
[Black "Thornally, Frank"]
[Result "0-1"]
[WhiteElo "1788"]
[BlackElo "2200"]
[PlyCount "76"]
[EventDate "2011.??.??"]

1. d4 d5 2. Nf3 Nf6 3. e3 Bg4 4. h3 Bh5 5. c4 e6 6. Qa4+ c6 7. Ne5 Nbd7 8. Nc3
Bd6 9. Nxd7 Nxd7 10. cxd5 exd5 11. Be2 Bg6 12. O-O O-O 13. Bd2 Re8 14. b4 b5
15. Qb3 Nb6 16. Nxb5 cxb5 17. Bxb5 Re6 18. a4 Rb8 19. a5 Nc8 20. Be2 Ne7 21.
Rfc1 h5 22. b5 Nf5 23. Bf3 Ne7 24. Ra2 h4 25. Be2 Be4 26. Bf1 Rg6 27. Be1 Nf5
28. Rb2 Bc7 29. Qc3 Bd6 30. Kh1 Qg5 31. f4 Ng3+ 32. Bxg3 Qxg3 33. b6 axb6 34.
a6 Kh7 35. a7 Ra8 36. Ra1 Bxf4 37. Kg1 Bxe3+ 38. Kh1 Qxh3# 0-1

[Event "Mechanics' Litowsky TNM; 30/90, SD/30"]
[Site "San Francisco"]
[Date "2011.09.20"]
[Round "8.22"]
[White "Morgan, Jerry"]
[Black "Clark, Thomas"]
[Result "1-0"]
[WhiteElo "1442"]
[BlackElo "1305"]
[PlyCount "98"]
[EventDate "2011.??.??"]

1. f4 d5 2. Nf3 Nf6 3. e3 Bg4 4. h3 Bxf3 5. Qxf3 Nbd7 6. g4 e5 7. g5 e4 8. Qe2
Ng8 9. Qb5 c6 10. Qxb7 Ne7 11. Qa6 Qc7 12. b3 Nf5 13. h4 Nc5 14. Qe2 Ng3 15.
Qg4 Nxh1 16. Bb2 Nf2 17. Kxf2 Rd8 18. Be5 Qd7 19. Qg3 Qe7 20. Be2 Nd7 21. Bb2
Rg8 22. Bh5 g6 23. Be2 f6 24. c4 fxg5 25. hxg5 Bg7 26. Bc3 Nc5 27. Qh3 Bxc3 28.
Nxc3 d4 29. Nd1 Nd3+ 30. Bxd3 exd3 31. Qf3 Rd6 32. e4 Rf8 33. Nb2 Re6 34. e5 h5
35. Nxd3 a5 36. Qe4 Qxg5 37. Rg1 Qh6 38. Kg3 h4+ 39. Kh3 Rf7 40. Rg4 Qf8 41.
Rxg6 Rxg6 42. Qxg6 Qe7 43. Qg8+ Rf8 44. Qg6+ Kd8 45. Qxc6 Rxf4 46. Nxf4 Qg5 47.
Qf6+ Qxf6 48. exf6 Ke8 49. Kxh4 Kf7 1-0

[Event "Mechanics' Litowsky TNM; 30/90, SD/30"]
[Site "San Francisco"]
[Date "2011.08.16"]
[Round "3.15"]
[White "Morgan, Jerry"]
[Black "Sherwood, Peter"]
[Result "0-1"]
[WhiteElo "1442"]
[BlackElo "1807"]
[PlyCount "90"]
[EventDate "2011.??.??"]

1. f4 d5 2. Nf3 Nf6 3. e3 c5 4. Be2 Nc6 5. O-O e6 6. d3 Be7 7. Nc3 O-O 8. e4
dxe4 9. dxe4 b6 10. a3 Bb7 11. Bd3 Qc7 12. e5 Nd5 13. Nb5 Qd7 14. Nd6 Rad8 15.
Nxb7 Qxb7 16. Qe1 g6 17. Be4 Qd7 18. Be3 Nxe3 19. Qxe3 Nd4 20. Rad1 Qc7 21.
Nxd4 cxd4 22. Qf3 Qc4 23. Qd3 Qc7 24. Rf3 Rc8 25. Rd2 Rfd8 26. Rg3 Kg7 27. Rf2
Bh4 28. f5 Qxe5 29. fxg6 fxg6 30. Bxg6 Rc7 31. Re2 Qf6 32. Rg4 hxg6 33. Qf3 e5
34. Qe4 Bg5 35. h4 Be3+ 36. Kh2 Rh8 37. Rxg6+ Qxg6 38. Qxe5+ Kg8 39. Qd5+ Rf7
40. Kh3 Qf5+ 41. Qxf5 Rxf5 42. Kg3 Kf7 43. Kh3 Rf2 44. Rxf2+ Bxf2 45. g3 Rc8
0-1

[Event "Mechanics' LitowskyTNM; 30/90, SD/30"]
[Site "San Francisco"]
[Date "2011.08.02"]
[Round "1"]
[White "Morgan, Jerry"]
[Black "de Linea, Digne"]
[Result "0-1"]
[WhiteElo "1442"]
[BlackElo "1886"]
[PlyCount "58"]
[EventDate "2011.??.??"]

1. f4 d5 2. Nf3 c5 3. e3 Nc6 4. Bb5 a6 5. Bxc6+ bxc6 6. b3 Bg4 7. O-O Nf6 8.
Qe1 e6 9. Ne5 Qc7 10. Bb2 Bf5 11. d3 Be7 12. Nd2 O-O 13. Ndf3 Ne8 14. e4 dxe4
15. dxe4 Bg6 16. Nxg6 hxg6 17. Ne5 Nf6 18. Rf3 Rfd8 19. f5 Bd6 20. fxg6 Bxe5
21. gxf7+ Kxf7 22. Bxe5 Qxe5 23. Rd1 Rxd1 24. Qxd1 Ke7 25. Qe1 Rd8 26. Rg3 Qd4+
27. Kf1 Nxe4 28. Rd3 Rf8+ 29. Rf3 Nd2+ 0-1

[Event "Mechanics' Litowsky TNM; 30/90, SD/30"]
[Site "San Francisco"]
[Date "2011.09.27"]
[Round "9.16"]
[White "Newey, Richard"]
[Black "Brown, Nicholas"]
[Result "0-1"]
[WhiteElo "1739"]
[BlackElo "1444"]
[PlyCount "88"]
[EventDate "2011.??.??"]

1. e4 c6 2. d4 d5 3. e5 Bf5 4. Nf3 e6 5. Be2 Be7 6. O-O Nd7 7. b3 c5 8. Bb2
cxd4 9. Nxd4 Bg6 10. Nd2 Nh6 11. c4 dxc4 12. Nxc4 O-O 13. Bf3 Rb8 14. Qe2 Nc5
15. Rfd1 Qc8 16. Rac1 Qe8 17. Nd6 Bxd6 18. exd6 Nd7 19. Rc7 e5 20. Nb5 e4 21.
Bxe4 Bxe4 22. Rxd7 Qxd7 23. Qxe4 Qxb5 24. d7 Rbd8 25. Rd5 Rxd7 26. Qe5 Nf5 27.
Rxd7 Qxd7 28. g4 Qd1+ 29. Kg2 Qxg4+ 30. Kf1 Rd8 31. Bc3 Rd1+ 32. Be1 Rxe1+ 33.
Kxe1 h6 34. Qe8+ Kh7 35. Qxf7 Qf3 36. Qc7 Nd4 37. Qc4 Qe4+ 38. Kd1 Qb1+ 39. Kd2
Qxa2+ 40. Kc3 Qxb3+ 41. Kxd4 Qxc4+ 42. Kxc4 Kg6 43. Kd5 Kf5 44. Kd6 b5 0-1

[Event "Mechanics' Litowsky TNM; 30/90, SD/30"]
[Site "San Francisco"]
[Date "2011.08.16"]
[Round "3.9"]
[White "Newey, Richard"]
[Black "Chamberlain, Ethan"]
[Result "0-1"]
[WhiteElo "1739"]
[BlackElo "1953"]
[PlyCount "98"]
[EventDate "2011.??.??"]

1. e4 c5 2. d4 cxd4 3. c3 dxc3 4. Nxc3 e6 5. Nf3 d6 6. Bc4 Be7 7. O-O Nf6 8.
Qe2 a6 9. Rd1 b5 10. Bd3 Nbd7 11. e5 dxe5 12. Nxe5 Qb6 13. Be3 Qb7 14. Bd4 Nxe5
15. Bxe5 Bd7 16. Ne4 Bc6 17. Rac1 Bxe4 18. Rc7 Bxd3 19. Qxd3 Qe4 20. Qc3 O-O
21. Rxe7 Nd5 22. Qg3 Qg6 23. Qxg6 hxg6 24. Rb7 f6 25. Bg3 Rf7 26. Rxf7 Kxf7 27.
Rc1 Ke7 28. a3 Kd7 29. f3 g5 30. Bf2 Rc8 31. Rxc8 Kxc8 32. Bc5 Kd7 33. g3 Kc6
34. Ba7 Nb6 35. Kf2 Kb7 36. Bxb6 Kxb6 37. Ke3 Kc5 38. Kd3 Kd5 39. Kc3 a5 40.
Kd3 e5 41. b3 f5 42. g4 e4+ 43. fxe4+ fxe4+ 44. Ke3 Ke5 45. a4 b4 46. Ke2 Kf4
47. h3 e3 48. Kf1 Kf3 49. Ke1 e2 0-1

[Event "Mechanics' Litowsky TNM; 30/90, SD/30"]
[Site "San Francisco"]
[Date "2011.08.30"]
[Round "5.20"]
[White "Newey, Richard"]
[Black "Rakonitz, David"]
[Result "1-0"]
[WhiteElo "1739"]
[BlackElo "1477"]
[PlyCount "83"]
[EventDate "2011.??.??"]

1. e4 e6 2. d4 d5 3. Nd2 dxe4 4. Nxe4 Nd7 5. Nf3 Ngf6 6. Bd3 Nxe4 7. Bxe4 Nf6
8. Bd3 c5 9. O-O cxd4 10. Nxd4 Bc5 11. Nb3 Bb6 12. Bg5 Qc7 13. Bxf6 gxf6 14.
Qf3 Ke7 15. c3 Bd7 16. Rfe1 Bc6 17. Be4 Bxe4 18. Rxe4 Rag8 19. Nd4 Bxd4 20.
Rxd4 Rd8 21. Rf4 f5 22. Qe3 Kf8 23. Rf3 Qd6 24. Qh6+ Ke8 25. Re1 Kd7 26. Qf6
Rhf8 27. Rfe3 Rde8 28. c4 Kc8 29. Qc3 Rd8 30. R3e2 Rd7 31. c5 Qd4 32. c6 bxc6
33. Qxc6+ Rc7 34. Qa8+ Kd7 35. Qxf8 Kc6 36. Qh6 Kb7 37. Qd2 Qc4 38. a3 Qc6 39.
Re3 Rd7 40. Qb4+ Qb6 41. Qa4 Rc7 42. Rb3 1-0